| 000 | 00504pab a2200169 454500 | ||
|---|---|---|---|
| 008 | 180718b2003 xxu||||| |||| 00| 0 eng d | ||
| 100 | _aSrivastava, Nisha | ||
| 245 | _aAnd promises to keep: the challenge of gender disparities in India's economic development | ||
| 260 | _c2003 | ||
| 300 | _ap.123-46. | ||
| 362 | _aJul | ||
| 650 | _aEconomic and social development - India | ||
| 650 | _aWomen - India | ||
| 650 | _aWomen and development | ||
| 773 | _aIndian Journal of Economics | ||
| 909 | _a58968 | ||
| 999 |
_c58968 _d58968 |
||